Quizzes
Events
Quiz Creation
Community
Videos
Private Events
Remove Ads
Sign In
Join for FREE
Feedback
Dark Mode
Quiz Categories
Sports
Geography
Music
Movies
Television
Just For Fun
Miscellaneous
History
Literature
Language
Science
Gaming
Entertainment
Religion
Holiday
For Kids
Quiz Lab
Recent
Popular Today
Quiz Kudos Today
Editor Picks
Curator Picks
Quizzes by...
Day
Popularity
Type
Ratings
Length
Year
Community
Subscriptions
Recent Discussions
Orange Saloon
Badges
Playlists
Quests
Create
Leaderboards
Showdown
Live 5
Trivia Bingo
Activity
Puzzle Library
Sporcle Events
Private Events
Virtual Trivia
Globe League
Become a Host
Pub Owners
SporcleCon
Opinionation
Our Games
Videos
Blog
Mobile Apps
Partnerships
Remove Ads and Go Orange
Feedback
Miscellaneous
Crossword
General Knowledge
Baby Names
Logo
Food
Cars
Numbers
Grab Bag
University
College
Popular
Company
Slogans
Restaurants
Justice
Letter
Miscellaneous
Crossword
General Knowledge
Baby Names
Logo
Food
Cars
Numbers
Grab Bag
University
College
Popular
Company
Slogans
Restaurants
Justice
Letter
Random Quiz
Search Sporcle
×
Quiz Lab
Quiz Lab
Miscellaneous
Clickable
Select answers by clicking on text or image buttons
Select answers by clicking on text or image buttons
Clickable
Best Score? Go Orange.
Group Up IV Stats
Can you sort the groups of five? *BEWARE* of the red herrings!
By
slandp
9m
30 Questions
118 Plays
118 Plays
118 Plays
Comments
Comments
Give Quiz Kudos
Give Quiz Kudos
-
- Ratings
hide this ad
More Info
Forced Order
Answers have to be entered in order
Answers have to be entered in order
Replay
Link that replays current quiz
Next Quiz
Link to next quiz in quiz playlist
You Got
0%
They Got
Avg Score
57%
Avg Friend Score
Upgrade to see
Score Distribution
Jump to the score distribution portion of the page
Score
0/30
Timer
09:00
0
Plays Today
% Correct
Cowboy
92.4%
Ugg
85.6%
Hemmingway
77.1%
Suez
76.3%
Canberra
75.4%
Steinbeck
74.6%
Panama
72.9%
Kung Pao
72.9%
Wellington
70.3%
Paprikash
67.8%
Kiev
67.8%
Kosovo
66.1%
Minsk
65.3%
Dylan
62.7%
Rigger
60.2%
% Correct
Comoros
58.5%
Erie
58.5%
Indiana
58.5%
Tetrazzini
57.6%
Grand
55.9%
Victoria
55.1%
Chukka
53.4%
Pinter
50.8%
Windhoek
48.3%
Red Army
46.6%
Lahori
25.4%
Kiel
22.9%
Esperanto
22.9%
Xingjian
19.5%
Valenki
18.6%
Quiz Playlist
Details
Report
Send in Message
Add To Playlist
More Info:
*Some answers may fit into more than one category, but there is only one possible solution in which all groups possess 5 adequate answers*
Clickable:
Select answers by clicking on text or image buttons
Forced Order:
Answers have to be entered in order
Last Updated: Mar 7, 2017
Quiz Scoreboard
CHALLENGE
Sign Up to Join the Scoreboard
Show All
Scores
Hide
Comments
May contain spoilers
Recently Published
Decade Duel: World Leaders
by jenniferyan
History
4m
Alphabetical 'K' Countries by Flag Minefield
by ylime102
Geography
3m
Pick 6: Fruits
by JohnFran
Miscellaneous
15s
More to Explore
Quiz From the Vault
Featured Blog Post
15 Basketball Trivia Facts You Can Be March Mad About
hide this ad
You Might Also Like...
Tags
Clickable Quiz
Five
group
Red
sort
Today's Top Quizzes in Miscellaneous
Browse Miscellaneous
hide this ad
Today's Top Quizzes in Clickable
Browse Clickable
Top Contributed Quizzes in Miscellaneous
1
Spring Months consonants
2
The JOE quick-fire general knowledge quiz: Day 166
3
Pick 6: Vegetables
4
Pick 6: Supreme Pizza
5
Four Seasons
6
The JOE quick-fire general knowledge quiz: Day 165
7
Pick 6: University Mascots
8
Guess the 'S' Things in 3 Words
9
Sporcle Acrostic Puzzle XXXV
10
Guess the 'T' Things in 3 Words
Explore More
Trending Topics
Harry Potter
NBA
Disney
Anime
Kpop
Crossword
Marvel
Soccer
WWE
Song
Puzzle
Pokémon
The Office
Country
NFL
hide this ad
More By:
slandp
Quiz
Plays
Rating
Category
Featured
Created
Odd One Out
1,961
4.44
Miscellaneous
Mar 31, 2017
25 Answers Wrong I
1,523
4.43
Miscellaneous
Mar 8, 2017
English Football: Ultimate Quiz
807
4.50
Sports
Apr 10, 2017
Espan-Deutsch: Movie Titles
540
4.67
Language
Mar 21, 2017
That Mitchell and Webb Look: Ultimate Quiz
484
5.00
Television
Mar 13, 2017
Go to Creator's Profile
Score Distribution
Quiz Creator Spotlight
slandp
Follow
Send a Message
Quizzes Created
-
Created Quiz Play Count
-
More By This Creator
Popular Quizzes Today
1
Countries of Asia Without Outlines Minefield
2
Find the US States - No Outlines Minefield
3
Pick 6: Fruits
4
Alphabetical 'K' Countries by Flag Minefield
5
The Countries of the World
6
Find the Countries of Europe - No Outlines Minefield
7
Find the US States
8
US States
More Miscellaneous Quizzes
Colored Symbol Selection
Published
Trending Quizzes
Pick 6: Mountains
Pick 6: Harry Potter
Pick 6: Flags
Pick 6: NFL Teams
Pick 6: Movie Franchises
Recently Updated
Adaptations: Name the Title
pecheneg
NWSL Teams
pecheneg
Women's Final Four Teams by Year
bhenderson79
Presidents Quartet II
eogle
Anything But Clue(do)
eogle
Anything But Oceanian Capitals
eogle
Anything But 7
eogle
Anything But Thing
eogle
Word Ladder: February 29
pecheneg
Song Title Questions
pecheneg
Trending Topics
Harry Potter
Disney
Crossword
Anime
Marvel
Kpop
NBA
Country
Song
Pokémon
NFL
Soccer
Puzzle
The Office
WWE
Your Account Isn't Verified!
In order to create a playlist on Sporcle, you need to verify the email address you used during registration. Go to your
Sporcle Settings
to finish the process.
Report this User
Report this user for behavior that violates our
Community Guidelines
.
Details:
Send Report
Go to the Sporcle.com Mobile Site →
Comments